000 00530nam a22002177a 4500
003 OSt
005 20161018103604.0
008 161018b xxu||||| |||| 00| 0 eng d
020 _a1256733482
020 _a9781256733485
040 _aSEKU
050 _aQD453.3
_b.T759 2011
100 _4Tro, Nivaldo J.
245 _aChemistry: a molecular approach
250 _a2nd. ed
260 _aNew Jersey :
_bPrentice Hall,
_c2011.
300 _a453 p. ;
504 _aIncludes index
650 _2Chemistry
942 _2lcc
_cGEN
999 _c15442
_d15442